000 00424nam a2200157 i 4500
001 94439
003 ES-MaACL
005 20230906181457.0
007 t|
008 050429s1975 sp ||||1| spa d
100 1 _aLorenzo, Pedro de.
_974161
245 1 0 _aCapĂ­tulos de la insistencia /
_cPedro de Lorenzo.
260 _aMadrid :
_bSala,
_c1975.
300 _a307 p., 4 h. ;
_c24 cm.
852 _aES-MaACL
_jE-9113
_bR.93439
999 _c94439
_d94439